[Event "ACP-Knockout-2020-Women"]
[Site "Emanuel Lasker Arena"]
[Date "2020.07.28"]
[Round "1.4"]
[White "Tomilova_Elena"]
[Black "Anastasia3003"]
[Result "1-0"]
[WhiteElo "2027"]
[BlackElo "1876"]
[Annotator "NA"]
[PlyCount "87"]
[EventDate "2020.07.28"]
[EventType "match (blitz)"]

1. d4 {[%emt 0:00:05]} Nf6 {[%emt 0:00:02]} 2. Nf3 {[%emt 0:00:02]} g6 {[%emt 0:00:01]} 3. e3 {[%emt 0:00:04]} Bg7 {[%emt 0:00:05]} 4. c4 {[%emt 0:00:01]} d5 {[%emt 0:00:53]} 5. cxd5 {[%emt 0:00:21]} Nxd5 {[%emt 0:00:01]} 6. Be2 {[%emt 0:00:07]} O-O {[%emt 0:00:02]} 7. O-O {[%emt 0:00:02]} Nb6 {[%emt 0:00:23]} 8. e4 {[%emt 0:00:28]} Bg4 {[%emt 0:00:12]} 9. Nbd2 {[%emt 0:00:20]} N8d7 {[%emt 0:01:44]} 10. h3 {[%emt 0:00:40]} Bxf3 {[%emt 0:00:01]} 11. Nxf3 {[%emt 0:00:04]} c5 {[%emt 0:00:12]} 12. d5 {[%emt 0:00:01]} c4 {[%emt 0:00:29]} 13. Rb1 {[%emt 0:00:37]} Rc8 {[%emt 0:01:29]} 14. Bg5 {[%emt 0:00:07]} Nc5 {[%emt 0:00:19]} 15. Qc2 {[%emt 0:00:18]} Qd6 {[%emt 0:00:33]} 16. Rfd1 {[%emt 0:00:37]} f5 {[%emt 0:00:19]} 17. exf5 {[%emt 0:00:44]} Rxf5 {[%emt 0:00:01]} 18. Bxc4 {[%emt 0:00:18]} Kh8 {[%emt 0:02:28]} 19. Qe2 {[%emt 0:01:07]} Rxg5 {[%emt 0:00:48]} 20. Nxg5 {[%emt 0:00:15]} Qf4 {[%emt 0:00:02]} 21. Qxe7 {[%emt 0:01:00]} Nxc4 {[%emt 0:00:13]} 22. Rbc1 {[%emt 0:00:12]} Nd3 {[%emt 0:00:48]} 23. Rc2 {[%emt 0:00:55]} Qf6 {[%emt 0:00:24]} 24. Qxb7 {[%emt 0:00:36]} Re8 {[%emt 0:00:19]} 25. Rxd3 {[%emt 0:00:21]} Nd6 {[%emt 0:00:08]} 26. Qd7 {[%emt 0:00:18]} Qxg5 {[%emt 0:00:03]} 27. Rd1 {[%emt 0:00:15]} Qf4 {[%emt 0:00:07]} 28. Rc7 {[%emt 0:00:27]} Qe5 {[%emt 0:00:07]} 29. Rxa7 {[%emt 0:00:32]} Nf5 {[%emt 0:00:02]} 30. d6 {[%emt 0:00:11]} Qe2 {[%emt 0:00:05]} 31. Qxe8+ {[%emt 0:00:28]} Qxe8 {[%emt 0:00:02]} 32. d7 {[%emt 0:00:01]} Qd8 {[%emt 0:00:01]} 33. Ra8 {[%emt 0:00:09]} Bf6 {[%emt 0:00:13]} 34. Rxd8+ {[%emt 0:00:03]} Bxd8 {[%emt 0:00:01]} 35. Rc1 {[%emt 0:00:05]} Nd6 {[%emt 0:00:01]} 36. Rc8 {[%emt 0:00:07]} Nf7 {[%emt 0:00:02]} 37. b4 {[%emt 0:00:13]} Kg7 {[%emt 0:00:02]} 38. b5 {[%emt 0:00:09]} Ba5 {[%emt 0:00:14]} 39. Ra8 {[%emt 0:00:08]} Bc7 {[%emt 0:00:06]} 40. a4 {[%emt 0:00:18]} Kf6 {[%emt 0:00:09]} 41. b6 {[%emt 0:00:08]} Bxb6 {[%emt 0:00:09]} 42. Ra6 {[%emt 0:00:02]} Ke7 {[%emt 0:00:04]} 43. Rxb6 {[%emt 0:00:01]} Kxd7 {[%emt 0:00:01]} 44. Rb7+ {[%emt 0:00:02] Anastasia3003 Сдается (Lag: Av=0.45s, max=1.2s)} 1-0

[Event "ACP-Knockout-2020-Women"]
[Site "Emanuel Lasker Arena"]
[Date "2020.07.26"]
[Round "2.1"]
[White "Iribulmaga"]
[Black "ZatonskihAnna"]
[Result "1-0"]
[WhiteElo "1841"]
[BlackElo "1620"]
[Annotator "NA RC"]
[PlyCount "85"]
[EventDate "2020.07.25"]
[EventType "k.o. (blitz)"]
[EventRounds "4"]

1. e4 {[%emt 0:00:06]} e6 {[%emt 0:00:07]} 2. d4 {[%emt 0:00:02]} d5 {[%emt 0:00:01]} 3. Nc3 {[%emt 0:00:01]} dxe4 {[%emt 0:00:18]} 4. Nxe4 {[%emt 0:00:02]} Bd7 {[%emt 0:00:05]} 5. Nf3 {[%emt 0:00:06]} Bc6 {[%emt 0:00:01]} 6. Bd3 {[%emt 0:00:01]} Nd7 {[%emt 0:00:04]} 7. Qe2 {[%emt 0:00:01]} Ngf6 {[%emt 0:00:23]} 8. Neg5 {[%emt 0:00:04]} Bxf3 {[%emt 0:00:32]} 9. Qxf3 {[%emt 0:00:02]} c6 {[%emt 0:00:06]} 10. O-O {[%emt 0:00:03]} Be7 {[%emt 0:00:23]} 11. Re1 {[%emt 0:00:50]} Qa5 {[%emt 0:03:22]} 12. c3 {[%emt 0:00:22]} O-O {[%emt 0:00:20]} 13. Qh3 {[%emt 0:01:01]} h6 {[%emt 0:00:16]} 14. Nxe6 {[%emt 0:00:28]} fxe6 {[%emt 0:00:07]} 15. Qxe6+ {[%emt 0:00:01]} Kh8 {[%emt 0:00:18]} 16. Bxh6 {[%emt 0:01:28]} gxh6 {[%emt 0:00:51]} 17. Qxe7 {[%emt 0:02:28]} Rae8 {[%emt 0:00:22]} 18. Qd6 {[%emt 0:00:03]} Qd5 {[%emt 0:02:24]} 19. Qxd5 {[%emt 0:01:00]} cxd5 {[%emt 0:00:11]} 20. Bg6 {[%emt 0:00:08]} Rxe1+ {[%emt 0:00:04]} 21. Rxe1 {[%emt 0:00:01]} Kg7 {[%emt 0:00:04]} 22. Bf5 {[%emt 0:00:03]} Nb6 {[%emt 0:00:04]} 23. f3 {[%emt 0:01:14]} Re8 {[%emt 0:00:06]} 24. Rxe8 {[%emt 0:00:18]} Nxe8 {[%emt 0:00:00]} 25. b3 {[%emt 0:00:03]} Nd6 {[%emt 0:00:13]} 26. Bd3 {[%emt 0:00:01]} a6 {[%emt 0:00:08]} 27. a4 {[%emt 0:00:01]} Nd7 {[%emt 0:00:21]} 28. c4 {[%emt 0:00:40]} Kf6 {[%emt 0:00:26]} 29. g4 {[%emt 0:00:17]} a5 {[%emt 0:00:10]} 30. Kf2 {[%emt 0:00:18]} Nb8 {[%emt 0:00:10]} 31. h4 {[%emt 0:00:16]} Nc6 {[%emt 0:00:01]} 32. Ke3 {[%emt 0:00:01]} h5 {[%emt 0:00:13]} 33. cxd5 {[%emt 0:00:34]} Ne7 {[%emt 0:00:18]} 34. Be4 {[%emt 0:00:19]} hxg4 {[%emt 0:00:13]} 35. fxg4 {[%emt 0:00:02]} Nxe4 {[%emt 0:00:05]} 36. Kxe4 {[%emt 0:00:00]} Ng6 {[%emt 0:00:02]} 37. h5 {[%emt 0:00:13]} Nh8 {[%emt 0:00:01]} 38. g5+ {[%emt 0:00:14]} Kxg5 {[%emt 0:00:04]} 39. Ke5 {[%emt 0:00:00]} Kxh5 {[%emt 0:00:04]} 40. d6 {[%emt 0:00:11]} Kg6 {[%emt 0:00:02]} 41. Ke6 {[%emt 0:00:02]} Nf7 {[%emt 0:00:04]} 42. d5 {[%emt 0:00:06]} b6 {[%emt 0:00:10]} 43. Ke7 {[%emt 0:00:06] Time (Lag: Av=0.53s, max=1.3s)} 1-0

[Event "ACP-Knockout-2020-Women"]
[Site "Emanuel Lasker Arena"]
[Date "2020.07.26"]
[Round "2.1"]
[White "Antoaneta"]
[Black "Tomilova_Elena"]
[Result "0-1"]
[WhiteElo "1620"]
[BlackElo "1978"]
[Annotator "TA"]
[PlyCount "96"]
[EventDate "2020.07.25"]
[EventType "k.o. (blitz)"]
[EventRounds "4"]

{[%evp 16,96,21,0,14,8,38,34,42,22,48,0,0,-46,16,0,5,0,122,69,68,52,38,31,22,17,24,-6,-10,-15,0,-17,0,-134,-135,-150,-125,-145,-123,-159,-149,-159,-140,-167,-128,-184,-145,-149,-147,-142,-112,-385,-326,-552,-540,-856,-406,-1641,-1518,-2010,-2642,-2393,-1600,-3225,-2416,-1091,-1088,-1024,-1006,-29988,-29989,-29991,-29986,-29989,-29990,-29990,-29991,-29991,-29992,-29992,-29993,-29994,-29995]} 1. d4 Nf6 2. Nf3 e6 3. e3 d5 4. Bd3 b6 5. O-O Bb7 6. b3 Be7 7. c4 O-O 8. cxd5 exd5 9. Nc3 {[%cal Bb1c3,Bc3e2,Be2g3,Bg3e4,Be4f2][%mdl 32]} a6 {E14: Queen's Indian: Classical Variation (4 e3).} 10. Bb2 Re8 {10...Nbd7 gains popularity.} 11. Ne5 Nbd7 {White is slightly better.} 12. Qc2 c5 13. f4 {[#]} b5 $146 ({Predecessor:} 13... Nf8 14. Rae1 Rc8 15. Bf5 Rc7 16. Qf2 Bd6 17. Bb1 Ne6 18. f5 Ng5 19. h4 Nge4 20. Nxe4 dxe4 {0-1 (39) Seeck,K (2171)-Neese,H (2134) Rheda Wiedenbrueck 2001}) 14. Ne2 Ne4 (14... c4 $15 15. Bf5 g6 16. Bxd7 Nxd7) 15. Bxe4 dxe4 16. Rad1 {[#] Hoping for dxc5.} Nxe5 (16... Rc8 $1 $11 17. dxc5 Rxc5) 17. dxe5 (17. fxe5 $16 Bg5 18. dxc5 Bxe3+ 19. Kh1) 17... Qc7 $14 18. Ng3 Rad8 19. Nxe4 Rxd1 20. Rxd1 Rd8 $1 {[%cal Rd8d1]} 21. Nf2 Rxd1+ 22. Qxd1 Qc6 $36 {[%csl Gb7][%cal Rc6g2][%mdl 2048] [#] Black fights for an advantage.} 23. e4 c4 24. Bd4 (24. bxc4 $11 {remains equal.} bxc4 25. Bc3) 24... c3 $17 {[%mdl 1024] And now ...c2 would win. Black has strong compensation.} 25. Qc2 b4 26. Kf1 g6 27. g3 a5 28. Kg2 h5 29. h3 Ba6 30. g4 (30. Be3 $17 {is a better defense.}) 30... Qd7 $19 31. Be3 hxg4 32. hxg4 Bh4 33. f5 $2 {[%mdl 8192] This costs White the game.} (33. Kf3 $17) 33... Qb5 34. fxg6 $2 (34. Kf3 Qxe5 35. Bf4) 34... Qf1+ (34... Qxe5 $2 35. gxf7+ Kxf7 36. Nh1 $19) 35. Kf3 {intending gxf7+.} fxg6 (35... Qg1 $142 {[%csl Gh4][%cal Rg1g3]} 36. gxf7+ Kxf7) 36. e6 (36. Qd1 $142 Qxd1+ 37. Nxd1) 36... Qg1 {[%csl Gh4][%cal Rg1g3]} 37. Bf4 g5 38. Be5 Kf8 39. a3 Ke7 40. axb4 axb4 41. Qa2 Qf1 42. Bd4 Kxe6 {Black mates.} 43. Bc5 Bb5 44. Ba7 Qg1 {[%csl Gh4][%cal Rg1g3]} 45. Bb8 Qxf2+ 46. Qxf2 Bxf2 47. Kxf2 c2 48. Bf4 gxf4 {Accuracy: White = 41%, Black = 78%.} 0-1

[Event "ACP-Knockout-2020-Women"]
[Site "Emanuel Lasker Arena"]
[Date "2020.07.26"]
[Round "2.1"]
[White "Pia cramling"]
[Black "Anastasia3003"]
[Result "1/2-1/2"]
[WhiteElo "1620"]
[BlackElo "1865"]
[Annotator "NA RC"]
[PlyCount "156"]
[EventDate "2020.07.25"]
[EventType "k.o. (blitz)"]
[EventRounds "4"]

1. d4 {[%emt 0:00:03]} Nf6 {[%emt 0:00:02]} 2. c4 {[%emt 0:00:03]} g6 {[%emt 0:00:01]} 3. Nc3 {[%emt 0:00:02]} Bg7 {[%emt 0:00:01]} 4. e4 {[%emt 0:00:02]} d6 {[%emt 0:00:03]} 5. h3 {[%emt 0:00:01]} O-O {[%emt 0:00:01]} 6. Be3 {[%emt 0:00:02]} e5 {[%emt 0:00:04]} 7. d5 {[%emt 0:00:01]} Na6 {[%emt 0:00:08]} 8. Nf3 {[%emt 0:00:10]} Nh5 {[%emt 0:00:44]} 9. a3 {[%emt 0:00:05]} f5 {[%emt 0:00:47]} 10. b4 {[%emt 0:00:04]} Nf6 {[%emt 0:01:22]} 11. Bd3 {[%emt 0:00:15]} Kh8 {[%emt 0:00:31]} 12. Rc1 {[%emt 0:00:34]} f4 {[%emt 0:00:16]} 13. Bd2 {[%emt 0:00:04]} c5 {[%emt 0:00:13]} 14. Rb1 {[%emt 0:00:56]} h6 {[%emt 0:00:29]} 15. Nb5 {[%emt 0:00:37]} Qe7 {[%emt 0:00:44]} 16. Bc3 {[%emt 0:00:56]} Ne8 {[%emt 0:00:45]} 17. Be2 {[%emt 0:00:20]} b6 {[%emt 0:00:45]} 18. Nd2 {[%emt 0:00:09]} Nf6 {[%emt 0:00:29]} 19. Bf3 {[%emt 0:00:41]} Bd7 {[%emt 0:00:08]} 20. Qe2 {[%emt 0:00:49]} Rfc8 {[%emt 0:00:23]} 21. Qd3 {[%emt 0:00:16]} h5 {[%emt 0:00:17]} 22. Be2 {[%emt 0:00:36]} Nh7 {[%emt 0:00:08]} 23. Nf3 {[%emt 0:00:48]} Kg8 {[%emt 0:00:11]} 24. O-O {[%emt 0:00:20]} g5 {[%emt 0:00:18]} 25. Nh2 {[%emt 0:00:04]} Nf6 {[%emt 0:00:07]} 26. f3 {[%emt 0:00:18]} Bh6 {[%emt 0:00:09]} 27. Be1 {[%emt 0:00:10]} Kh8 {[%emt 0:00:14]} 28. Bf2 {[%emt 0:00:09]} Rg8 {[%emt 0:01:34]} 29. bxc5 {[%emt 0:00:05]} Nxc5 {[%emt 0:00:19]} 30. Bxc5 {[%emt 0:00:04]} bxc5 {[%emt 0:00:01]} 31. Nc7 {[%emt 0:00:17]} Rac8 {[%emt 0:00:26]} 32. Ne6 {[%emt 0:00:05]} Bxe6 {[%emt 0:00:14]} 33. dxe6 {[%emt 0:00:03]} Qxe6 {[%emt 0:00:02]} 34. Rfd1 {[%emt 0:00:07]} Rgd8 {[%emt 0:00:06]} 35. Rb7 {[%emt 0:00:04]} Bf8 {[%emt 0:00:12]} 36. Rxa7 {[%emt 0:00:10]} Rb8 {[%emt 0:00:01]} 37. Rb1 {[%emt 0:00:04]} Qe8 {[%emt 0:00:12]} 38. Nf1 {[%emt 0:00:11]} Kg8 {[%emt 0:00:24]} 39. Nd2 {[%emt 0:00:16]} Qc6 {[%emt 0:00:02]} 40. Rb5 {[%emt 0:00:10]} Nd7 {[%emt 0:00:11]} 41. Nb3 {[%emt 0:00:40]} Nb6 {[%emt 0:00:16]} 42. Na5 {[%emt 0:00:13]} Qe8 {[%emt 0:00:01]} 43. Qb3 {[%emt 0:00:09]} Nd7 {[%emt 0:00:06]} 44. Nc6 {[%emt 0:00:04]} Ra8 {[%emt 0:00:04]} 45. Rbb7 {[%emt 0:00:20]} Rxa7 {[%emt 0:00:02]} 46. Rxa7 {[%emt 0:00:04]} Ra8 {[%emt 0:00:01]} 47. Qb7 {[%emt 0:00:13]} Rxa7 {[%emt 0:00:03]} 48. Nxa7 {[%emt 0:00:10]} Nf6 {[%emt 0:00:05]} 49. Nb5 {[%emt 0:00:01]} Qd8 {[%emt 0:00:08]} 50. Qc7 {[%emt 0:00:43]} Qxc7 {[%emt 0:00:08]} 51. Nxc7 {[%emt 0:00:02]} Be7 {[%emt 0:00:01]} 52. Nb5 {[%emt 0:00:18]} Ne8 {[%emt 0:00:03]} 53. Bd1 {[%emt 0:00:10]} Bd8 {[%emt 0:00:04]} 54. Ba4 {[%emt 0:00:02]} Kf7 {[%emt 0:00:14]} 55. Nc3 {[%emt 0:00:17]} Nc7 {[%emt 0:00:04]} 56. Bc6 {[%emt 0:00:04]} Na6 {[%emt 0:00:08]} 57. Bb7 {[%emt 0:00:12]} Nb8 {[%emt 0:00:02]} 58. Kf1 {[%emt 0:00:06]} Ke6 {[%emt 0:00:01]} 59. Ke2 {[%emt 0:00:04]} Kd7 {[%emt 0:00:07]} 60. Nd5 {[%emt 0:00:02]} Nc6 {[%emt 0:00:08]} 61. Bxc6+ {[%emt 0:00:05]} Kxc6 {[%emt 0:00:01]} 62. Kd3 {[%emt 0:00:04]} h4 {[%emt 0:00:05]} 63. Kc2 {[%emt 0:00:03]} Kb7 {[%emt 0:00:10]} 64. Kb3 {[%emt 0:00:04]} Ka7 {[%emt 0:00:05]} 65. Ka4 {[%emt 0:00:04]} Ka6 {[%emt 0:00:01]} 66. Nc3 {[%emt 0:00:04]} Bc7 {[%emt 0:00:03]} 67. Nd1 {[%emt 0:00:02]} Ba5 {[%emt 0:00:02]} 68. Nf2 {[%emt 0:00:05]} Bd8 {[%emt 0:00:15]} 69. Ng4 {[%emt 0:00:06]} Kb6 {[%emt 0:00:01]} 70. Nf2 {[%emt 0:00:19]} Ka6 {[%emt 0:00:02]} 71. Nd1 {[%emt 0:00:03]} Ba5 {[%emt 0:00:01]} 72. Kb3 {[%emt 0:00:01]} Be1 {[%emt 0:00:08]} 73. Nb2 {[%emt 0:00:07]} Ba5 {[%emt 0:00:03]} 74. Nd3 {[%emt 0:00:03]} Bd8 {[%emt 0:00:02]} 75. Ka4 {[%emt 0:00:02]} Bc7 {[%emt 0:00:03]} 76. Nc1 {[%emt 0:00:04]} Ba5 {[%emt 0:00:02]} 77. Nd3 {[%emt 0:00:18]} Bb6 {[%emt 0:00:02]} 78. Nf2 {[%emt 0:00:07]} Bd8 {[%emt 0:00:02] (Lag: Av=0.34s, max=0.8s)} 1/2-1/2

[Event "ACP-Knockout-2020-Women"]
[Site "Emanuel Lasker Arena"]
[Date "2020.07.26"]
[Round "2.1"]
[White "IGaponenko"]
[Black "Natik"]
[Result "1-0"]
[WhiteElo "1430"]
[BlackElo "1620"]
[Annotator "NA RC"]
[PlyCount "65"]
[EventDate "2020.07.25"]
[EventType "k.o. (blitz)"]
[EventRounds "4"]
[TimeControl "600+5"]

1. e4 {[%emt 0:00:03]} e5 {[%emt 0:00:06]} 2. Nf3 {[%emt 0:00:02]} d6 {[%emt 0:00:02]} 3. d4 {[%emt 0:00:03]} exd4 {[%emt 0:00:02]} 4. Nxd4 {[%emt 0:00:02]} Nf6 {[%emt 0:00:01]} 5. Nc3 {[%emt 0:00:02]} Be7 {[%emt 0:00:01]} 6. g3 {[%emt 0:00:27]} O-O {[%emt 0:00:02]} 7. Bg2 {[%emt 0:00:02]} Re8 {[%emt 0:00:07]} 8. O-O {[%emt 0:00:02]} c6 {[%emt 0:00:36]} 9. h3 {[%emt 0:01:41]} a5 {[%emt 0:00:17]} 10. g4 {[%emt 0:02:13]} h6 {[%emt 0:00:16]} 11. f4 {[%emt 0:01:16]} Na6 {[%emt 0:01:31]} 12. Be3 {[%emt 0:03:38]} Nc5 {[%emt 0:01:19]} 13. g5 {[%emt 0:00:39]} hxg5 {[%emt 0:01:03]} 14. fxg5 {[%emt 0:00:02]} Nfd7 {[%emt 0:00:18]} 15. Nf5 {[%emt 0:00:12]} Bxg5 {[%emt 0:01:56]} 16. Bxg5 {[%emt 0:00:03]} Qxg5 {[%emt 0:00:01]} 17. Qxd6 {[%emt 0:00:27]} Re6 {[%emt 0:00:55]} 18. Qd4 {[%emt 0:00:08]} Rg6 {[%emt 0:02:24]} 19. Rf2 {[%emt 0:00:02]} Ne6 {[%emt 0:00:19]} 20. Qd2 {[%emt 0:00:02]} Qxd2 {[%emt 0:00:04]} 21. Rxd2 {[%emt 0:00:02]} Kf8 {[%emt 0:00:11]} 22. Rf1 {[%emt 0:00:26]} Ne5 {[%emt 0:00:07]} 23. Nd6 {[%emt 0:00:06]} Bd7 {[%emt 0:00:04]} 24. Nxf7 {[%emt 0:00:05]} Nxf7 {[%emt 0:00:09]} 25. Rxd7 {[%emt 0:00:02]} Ned8 {[%emt 0:00:05]} 26. e5 {[%emt 0:00:10]} Kg8 {[%emt 0:00:06]} 27. Re7 {[%emt 0:00:13]} Re6 {[%emt 0:00:03]} 28. Rfxf7 {[%emt 0:00:06]} Nxf7 {[%emt 0:00:03]} 29. Rxe6 {[%emt 0:00:01]} Rd8 {[%emt 0:00:00]} 30. Kf2 {[%emt 0:00:03]} Rd2+ {[%emt 0:00:01]} 31. Kg3 {[%emt 0:00:01]} Rxc2 {[%emt 0:00:01]} 32. Re8+ {[%emt 0:00:01]} Kh7 {[%emt 0:00:04]} 33. Be4+ {[%emt 0:00:02] Natik resigns (Lag: Av=0.54s, max=0.9s)} 1-0

[Event "ACP-Knockout-2020-Women"]
[Site "Emanuel Lasker Arena"]
[Date "2020.07.26"]
[Round "2.2"]
[White "Tomilova_Elena"]
[Black "Antoaneta"]
[Result "1-0"]
[WhiteElo "1992"]
[BlackElo "1620"]
[Annotator "TA"]
[PlyCount "123"]
[EventDate "2020.07.25"]
[EventType "k.o. (blitz)"]
[EventRounds "4"]

{[%evp 12,123,16,-2,5,-8,29,-7,-3,-1,-2,-2,0,0,0,6,25,0,0,-11,-20,-27,69,66,140,103,137,44,89,34,42,39,26,12,116,-12,-9,0,8,8,9,0,0,0,71,69,77,75,75,75,75,73,73,72,72,72,270,260,260,245,245,179,179,179,179,179,358,358,434,35,344,344,344,344,456,419,793,717,29962,29936,29966,29967,29967,29968,29968,29969,29969,29970,29972,29971,29971,29972,29972,29973,29971,29973,29972,29966,29966,29968,29967,29968,29966,29970,29971,29970,29969,29967,29973,11498,6597,1489,29978,29979]} 1. d4 d5 2. Nf3 c6 3. c4 e6 4. g3 dxc4 5. Bg2 b5 6. O-O Bb7 7. a4 a6 {D30: Queen's Gambit Declined: Systems without Nc3.} 8. b3 cxb3 (8... b4 $5 {[%cal Rc4c3]}) 9. Qxb3 Nf6 {The position is equal.} 10. Rd1 Be7 11. Ne5 O-O 12. Nc3 $36 {[%cal Ra4b5][%mdl 2048] [#] White fights for an advantage.} b4 $146 ({Predecessor:} 12... Nd5 13. Ne4 Nd7 14. Nd3 a5 15. axb5 cxb5 16. Qxb5 Ba6 17. Qxa5 Qxa5 18. Rxa5 Bxd3 19. Rxa8 Rxa8 20. exd3 {½-½ (31) Elsness,F (2498)-Schandorff,L (2516) Istanbul 2012}) 13. a5 Nbd7 14. Nxd7 Nxd7 15. Ne4 c5 16. dxc5 Bd5 (16... Bxe4 $1 $11 17. Bxe4 Nxc5 {[%mdl 64] Double Attack}) 17. Qxb4 $14 Qc7 (17... Rb8 $14 18. Qe1 f5) 18. Be3 Qc6 19. Bf3 ({White should play} 19. Qa4 $16) 19... Rab8 20. Qd2 (20. Qd4 $1 $16) 20... Ne5 21. Bf4 Nxf3+ 22. exf3 Rb3 {[#]} (22... Rb7 $11) 23. Rab1 (23. Bd6 $1 $16 {[%cal Rd6e7]} Bxd6 24. cxd6) 23... Rxf3 $11 24. Nc3 $1 {[%cal Rc3d5]} Rxc3 ({But not} 24... Bxc5 $6 25. Nxd5 exd5 26. Qxd5 $16) 25. Qxc3 {White wants to play Rdc1.} Bxc5 26. Be3 Bh1 {[%csl Gh1][%cal Rc6g2]} 27. Kf1 Bg2+ (27... Qg2+ $11 28. Ke2 Qf3+ 29. Ke1 Bxe3 30. Qxe3 Qh5) 28. Ke1 $16 {White now steadily converts the win.} Bxe3 29. Qxc6 Bxf2+ 30. Kxf2 Bxc6 $14 {[%mdl 4096] Endgame KRR-KRB} 31. Rb6 Bb5 32. Rbd6 g5 33. Rd8 h5 $2 (33... h6 $16 {might work better.}) 34. Rxf8+ $18 Kxf8 {KR-KB} 35. Rb1 {And now Rxb5! would win.} Bd3 36. Rb7 Kg7 37. Ke3 Bf1 38. h4 gxh4 $2 (38... Kg6 {was called for.} 39. hxg5 Bg2) 39. gxh4 Kg6 {If only Black now had time for ...f6....} 40. Kf4 $2 (40. Rb1 $18 Bc4 41. Rg1+ Kf6 42. Rg5) 40... Kf6 $2 {[%mdl 8192]} (40... f6 $1 $14) 41. Rb6 Bc4 {[#]} 42. Rc6 $1 {[%mdl 512]} Bf1 43. Rc5 Kg6 (43... Be2 $142 44. Ke3 Bf1 45. Rxh5 Kg7 46. Rg5+ Kh6) 44. Rg5+ Kh6 45. Ke5 Bd3 46. Kf6 Bg6 47. Rc5 Kh7 48. Rc8 Bd3 49. Kxf7 e5 50. Kf6 e4 51. Re8 Bb1 52. Kg5 Kg7 53. Re7+ Kf8 54. Re6 Bd3 55. Kxh5 Kf7 56. Rd6 Ke7 57. Rd4 Ke6 58. Kg4 Ke5 59. Rd8 Be2+ 60. Kg3 (60. Kg5 $142 e3 61. Re8+ Kd4 62. Kf4 Kc5 63. Rxe3 Bd1 {[#]} 64. h5 $1 {[%mdl 512]} Kc4 65. Re4+ Kd5 66. h6) 60... e3 61. Re8+ Kd4 62. Kf4 {Accuracy: White = 70%, Black = 49%.} 1-0

[Event "ACP-Knockout-2020-Women"]
[Site "Emanuel Lasker Arena"]
[Date "2020.07.26"]
[Round "2.2"]
[White "Anastasia3003"]
[Black "Pia cramling"]
[Result "1/2-1/2"]
[WhiteElo "1828"]
[BlackElo "1620"]
[Annotator "NA RC"]
[PlyCount "78"]
[EventDate "2020.07.25"]
[EventType "k.o. (blitz)"]
[EventRounds "4"]

1. e4 {[%emt 0:00:08]} c5 {[%emt 0:00:14]} 2. Nf3 {[%emt 0:00:03]} e6 {[%emt 0:00:06]} 3. d4 {[%emt 0:00:04]} cxd4 {[%emt 0:00:02]} 4. Nxd4 {[%emt 0:00:01]} Nc6 {[%emt 0:00:03]} 5. Nc3 {[%emt 0:00:01]} a6 {[%emt 0:00:01]} 6. Be2 {[%emt 0:00:05]} d6 {[%emt 0:00:10]} 7. Be3 {[%emt 0:00:10]} Nf6 {[%emt 0:00:02]} 8. O-O {[%emt 0:00:02]} Be7 {[%emt 0:00:05]} 9. f4 {[%emt 0:00:03]} O-O {[%emt 0:00:03]} 10. a4 {[%emt 0:00:18]} Bd7 {[%emt 0:00:09]} 11. Qe1 {[%emt 0:01:03]} Nxd4 {[%emt 0:00:22]} 12. Bxd4 {[%emt 0:00:02]} Bc6 {[%emt 0:00:01]} 13. Bd3 {[%emt 0:00:11]} Nd7 {[%emt 0:00:15]} 14. Qg3 {[%emt 0:00:27]} e5 {[%emt 0:00:18]} 15. Be3 {[%emt 0:00:21]} exf4 {[%emt 0:00:51]} 16. Bxf4 {[%emt 0:00:14]} Ne5 {[%emt 0:00:38]} 17. a5 {[%emt 0:00:19]} Bh4 {[%emt 0:00:22]} 18. Qh3 {[%emt 0:00:11]} Bg5 {[%emt 0:00:19]} 19. g3 {[%emt 0:01:14]} Bf6 {[%emt 0:00:16]} 20. Qg2 {[%emt 0:00:42]} Rc8 {[%emt 0:00:15]} 21. Rfd1 {[%emt 0:00:08]} Re8 {[%emt 0:00:24]} 22. Be2 {[%emt 0:00:21]} Qe7 {[%emt 0:00:20]} 23. Rd2 {[%emt 0:00:44]} Qc7 {[%emt 0:01:17]} 24. Qf2 {[%emt 0:00:18]} Re6 {[%emt 0:00:13]} 25. Nd5 {[%emt 0:01:45]} Bxd5 {[%emt 0:00:05]} 26. exd5 {[%emt 0:00:01]} Ree8 {[%emt 0:00:05]} 27. c3 {[%emt 0:00:14]} Ng6 {[%emt 0:01:08]} 28. Be3 {[%emt 0:00:19]} Qe7 {[%emt 0:00:09]} 29. Bb6 {[%emt 0:00:29]} Bg5 {[%emt 0:00:06]} 30. Rc2 {[%emt 0:00:01]} Qe4 {[%emt 0:00:55]} 31. Bf3 {[%emt 0:00:07]} Qd3 {[%emt 0:00:16]} 32. Rd1 {[%emt 0:00:26]} Qf5 {[%emt 0:00:03]} 33. Bg2 {[%emt 0:01:41]} Qxf2+ {[%emt 0:00:08]} 34. Rxf2 {[%emt 0:00:04]} Be3 {[%emt 0:00:11]} 35. Bxe3 {[%emt 0:00:02]} Rxe3 {[%emt 0:00:01]} 36. Rf3 {[%emt 0:00:11]} Re2 {[%emt 0:00:44]} 37. Rf2 {[%emt 0:00:02]} Re3 {[%emt 0:00:11]} 38. Rf3 {[%emt 0:00:01]} Re2 {[%emt 0:00:44]} 39. Rf2 {[%emt 0:00:01]} Re3 {[%emt 0:00:02] (Lag: Av=0.33s, max=0.5s)} 1/2-1/2

[Event "ACP-Knockout-2020-Women"]
[Site "Emanuel Lasker Arena"]
[Date "2020.07.26"]
[Round "2.2"]
[White "Natik"]
[Black "IGaponenko"]
[Result "1-0"]
[WhiteElo "1620"]
[BlackElo "1538"]
[Annotator "NA RC"]
[PlyCount "81"]
[EventDate "2020.07.25"]
[EventType "k.o. (blitz)"]
[EventRounds "4"]

1. c4 {[%emt 0:00:45]} Nf6 {[%emt 0:00:03]} 2. Nc3 {[%emt 0:00:02]} g6 {[%emt 0:00:02]} 3. e4 {[%emt 0:00:03]} d6 {[%emt 0:00:01]} 4. d4 {[%emt 0:00:01]} Bg7 {[%emt 0:00:02]} 5. f3 {[%emt 0:00:08]} O-O {[%emt 0:00:02]} 6. Bg5 {[%emt 0:00:01]} a6 {[%emt 0:00:01]} 7. Rc1 {[%emt 0:01:08]} c5 {[%emt 0:01:21]} 8. d5 {[%emt 0:00:04]} h6 {[%emt 0:00:02]} 9. Be3 {[%emt 0:00:17]} e6 {[%emt 0:00:02]} 10. Qd2 {[%emt 0:00:35]} exd5 {[%emt 0:00:04]} 11. cxd5 {[%emt 0:00:00]} h5 {[%emt 0:00:37]} 12. a4 {[%emt 0:01:09]} Re8 {[%emt 0:01:01]} 13. Nge2 {[%emt 0:00:03]} Nbd7 {[%emt 0:00:02]} 14. Nf4 {[%emt 0:00:59]} Ne5 {[%emt 0:00:04]} 15. Be2 {[%emt 0:00:01]} Rb8 {[%emt 0:03:47]} 16. O-O {[%emt 0:00:07]} Bd7 {[%emt 0:00:08]} 17. b3 {[%emt 0:01:02]} b5 {[%emt 0:00:04]} 18. axb5 {[%emt 0:00:01]} axb5 {[%emt 0:00:02]} 19. Nd3 {[%emt 0:00:24]} b4 {[%emt 0:00:03]} 20. Nd1 {[%emt 0:00:02]} Bb5 {[%emt 0:00:02]} 21. Nxe5 {[%emt 0:00:25]} Rxe5 {[%emt 0:00:03]} 22. Bxb5 {[%emt 0:00:10]} Rxb5 {[%emt 0:00:03]} 23. Bf4 {[%emt 0:00:31]} Re8 {[%emt 0:00:59]} 24. Nb2 {[%emt 0:00:10]} Nh7 {[%emt 0:00:41]} 25. Nc4 {[%emt 0:00:05]} Bf8 {[%emt 0:00:02]} 26. Ra1 {[%emt 0:00:28]} Rb7 {[%emt 0:00:32]} 27. Ra6 {[%emt 0:00:03]} Rd7 {[%emt 0:00:03]} 28. Rfa1 {[%emt 0:02:02]} g5 {[%emt 0:00:50]} 29. Be3 {[%emt 0:00:26]} g4 {[%emt 0:00:03]} 30. Bf4 {[%emt 0:00:14]} gxf3 {[%emt 0:00:46]} 31. gxf3 {[%emt 0:00:00]} f5 {[%emt 0:00:03]} 32. Kh1 {[%emt 0:00:54]} fxe4 {[%emt 0:00:06]} 33. fxe4 {[%emt 0:00:00]} Rxe4 {[%emt 0:00:06]} 34. Qg2+ {[%emt 0:00:04]} Rg7 {[%emt 0:00:07]} 35. Qxe4 {[%emt 0:00:01]} Qh4 {[%emt 0:00:25]} 36. Ra8 {[%emt 0:00:11]} Qf2 {[%emt 0:00:23]} 37. Bg3 {[%emt 0:00:10]} Rxg3 {[%emt 0:00:16]} 38. hxg3 {[%emt 0:00:05]} Ng5 {[%emt 0:00:05]} 39. Qg6+ {[%emt 0:00:07]} Kh8 {[%emt 0:00:04]} 40. Qxg5 {[%emt 0:00:14]} Qf3+ {[%emt 0:00:03]} 41. Kg1 {[%emt 0:00:01] IGaponenko resigns (Lag: Av=0.53s, max=1.0s)} 1-0